01075cam a22002651 4500001001300000003000400013005001700017008004100034010001700075035001900092040004200111042001200153043003000165050001700195110006500212245018100277260002400458300002900482500002900511500013600540650002700676650003700703650004200740700002700782e 42000090 DLC20260227111230.0770523s1938 dcu f100 0 eng c ae 42000090  a(OCoLC)2987000 aU.S. Office of EducationcICarbSdDLC apremarc an-usm--an-usc--an-us-ny00aLB1205b.A782 aAssociation for Childhood Education.bCommittee of nineteen.10aHistory of the kindergarten movement in the mid-western states and in New York.bPresented at the Cincinnati convention, Association for childhood education, April 19-23, 1938. a[Washington,c1938] a1 p. l., 5-78 p.c23 cm. aLucy Wheelock, chairman. aSecond of a series of four bulletins prepared by the Committee of nineteen on the history of the kindergarten in the United States. 0aKindergartenxHistory. 0aEducationzWest (U.S.)xHistory. 0aEducationzNew York (State)xHistory.1 aWheelock, Lucy,d1859-